000
00295nam a2200133Ia 4500
008
150301s2015 xx 000 0 und d
082
_a
615.4
_b
C09N
100
_a
R.K NEMA
245
_a
TB OF COSMETICS
260
_b
CBS- DELHI
300
_a
324
650
_a
PHARMACEUTICS
942
_2
ddc
_c
BK
_0
1
999
_c
7233
_d
7233